Occupational Safety and Hygiene II : 10th Annual Congress of the Portuguese Society of Occupational Safety and Hygiene on Occupational Safety an Hygiene (SPOSHO) Guimaraes, Portugal, 13 - 14 February 2014

Gespeichert in:
Bibliographische Detailangaben
Format: Buch
Sprache:Englisch
Veröffentlicht: Boca Raton : CRC Press, 2014
Tags: Tag hinzufügen
Keine Tags, Fügen Sie das erste Tag hinzu!

MARC

LEADER 00000nam a22000003a 4500
001 stu298857
005 20150601125620.6
008 141006s2014----xxu-----------------eng-d
020 |a 978-1-315-77352-0 
020 |a 978-1-138-00144-2 
040 |a STU  |b slo 
041 0 |a eng 
044 |a xxu 
245 |a Occupational Safety and Hygiene II :  |b 10th Annual Congress of the Portuguese Society of Occupational Safety and Hygiene on Occupational Safety an Hygiene (SPOSHO) Guimaraes, Portugal, 13 - 14 February 2014 
260 |a Boca Raton :  |b CRC Press,  |c 2014 
300 |a 803 p 
500 |a zborník bol recenzovaný 
996 |b 284M086230  |c M*Z-4240  |l MMKN  |s A  |a 24  |w stu298857_0001